| 000 | 01241cad a22002175a 4500 | ||
|---|---|---|---|
| 001 | L147243 | ||
| 008 | 090417s2009 xxkad f s 000 0 eng d | ||
| 035 | _a(Sirsi) u147243 | ||
| 041 | 0 | _aeng | |
| 110 | 2 |
_aKing Sturge _93877 |
|
| 245 | 0 | 0 |
_aUK industrial and distribution floorspace today _bMarch 2009 _h[electronic resource] |
| 260 |
_aLondon _bKing Sturge _c2009 |
||
| 490 | 0 |
_aUK Industrial and Distribution Floorspace Today _vMarch 2009 |
|
| 520 | _aReports that the amount of industrial floorspace available in Great Britain rose by 5.4% from June to December 2008, to reach 22.679 million m2 by the end of 2008. This was the highest six-monthly rise since 2005. In H2 2008, the largest increase in available floorspace was in the West Midlands, where supply rose by 19%. Availability also rose in the North by 7.5%, in Scotland by 6.6%, and in Greater London by 5.8%. East Anglia and the South West were the only areas to see a drop in availability. | ||
| 590 | _aKA | ||
| 651 | 4 |
_aUnited Kingdom _y |
|
| 690 | _aPROPERTY-COMMERCIAL PROPERTY-COMMERCIAL PROPERTY MARKET | ||
| 690 | _aPROPERTY-INDUSTRIAL PROPERTY | ||
| 856 | 4 | 0 |
_uhttps://www.kingsturge.co.uk/ _zView the item free of charge at www.kingsturge.co.uk... |
| 942 | _n0 | ||
| 999 |
_c109494 _d109494 |
||